Statistics for Biggest Cities in Louisiana

Click here to take the quiz!

General Stats

  • This quiz has been taken 16,195 times
    (4,612 since last reset)
  • The average score is 8 of 20

Answers on the Map

Answers color-coded by a green-red scale on the quiz's map according to % correct below.
 

Answer Stats

PopulationCity% Correct
369,749New Orleans
99%
221,453Baton Rouge
96%
180,153Shreveport
74%
121,389Lafayette
67%
79,113Lake Charles
48%
46,820Monroe
46%
44,004Alexandria
39%
31,775Houma
32%
28,649Slidell
31%
62,635Bossier City
30%
22,295Ruston
30%
64,007Kenner
27%
17,440Natchitoches
27%
21,588Hammond
25%
27,473New Iberia
25%
20,342Sulphur
21%
29,735Central
19%
19,916Zachary
19%
17,195Gretna
17%
17,361Youngsville
17%

Score Distribution

Percentile by Number Answered

Percent of People with Each Score

Your Score History

You have not taken this quiz since the last reset